10 Movies of 1954 - Statistics

General Stats
  • This quiz has been taken 11 times
  • The average score is 5 of 10
Answer Stats
Hint Answer % Correct
* A giant monster emerges from the sea, wreaking havoc on Tokyo and forcing humanity to confront its destructive nature. * Godzilla
100%
A dockworker stands up to corrupt union bosses while seeking redemption for his past choices. On the Waterfront
100%
A photographer confined to his apartment believes he has witnessed a murder in a neighboring building. Rear Window
100%
*A village hires a group of skilled warriors to protect them from bandits. * Seven Samurai
80%
An ex-tennis pro plots to murder his unfaithful wife, expecting her to leave him for another man. Dial M for Murder
50%
* Gelsomina is sold to a circus strongman, and endures his abuse while finding solace with a kindhearted fool. * La Strada
30%
Explorers encounter a mysterious creature in the Amazon River, leading to a battle for survival. Creature from the Black Lagoon
20%
After returning from Paris, a chauffeur's daughter captures the attention of two wealthy brothers, complicating their lives. Sabrina
20%
Two WWII veterans team up to produce a holiday show, helping their former general save his inn. White Christmas
20%
* In medieval Japan, a woman and her children journey to find the family’s patriarch, who was exiled years before. * Sansho the Bailiff
0%
No matching quizzes found
Score Distribution
Percent of People with Each Score
Percentile by Number Answered
Your Score History
You have not taken this quiz